00295nam a2200097Ia 4500008004100000100002800041245006000069260004200129260000900171999001700180170620s9999 xx 000 0 und d aRao- Digumarti Bhaskara 0aScientific Attitude Scientific Aptitude and Achievement bNew Delhi- Discovery Publishing House c2007 c24267d24267